Tobhay Thal De / (Record no. 525551)

000 -LEADER
fixed length control field 00437nam a22001697a 4500
003 - CONTROL NUMBER IDENTIFIER
control field NUST
038 ## - RECORD CONTENT LICENSOR
Staff Name waseem
082 ## - DEWEY DECIMAL CLASSIFICATION NUMBER
Classification number 891.4911
Author Mark RAH
100 ## - MAIN ENTRY--PERSONAL NAME
Personal name Rahi, M A
9 (RLIN) 16453
245 ## - TITLE STATEMENT
Title Tobhay Thal De /
Statement of responsibility, etc. M A Rahi
260 ## - PUBLICATION, DISTRIBUTION, ETC.
Place of publication, distribution, etc. Dare Ghazi Khan :
Name of publisher, distributor, etc. Insaf Jitab Ghar,
Date of publication, distribution, etc. 2008.
300 ## - PHYSICAL DESCRIPTION
Extent 104 p. ;
500 ## - GENERAL NOTE
General note Paperback.
880 ## - ALTERNATE GRAPHIC REPRESENTATION
Linkage 100-01\r
Title ایم اے راھی
880 ## - ALTERNATE GRAPHIC REPRESENTATION
Linkage 245-02\r
Title ٹوبھے تھل دے /
942 ## - ADDED ENTRY ELEMENTS (KOHA)
Source of classification or shelving scheme
Koha item type Book
Holdings
Withdrawn status Lost status Source of classification or shelving scheme Damaged status Not for loan Permanent Location Current Location Shelving location Date acquired Total Checkouts Full call number Barcode Date last seen Price effective from Koha item type
          Central Library (CL) Central Library (CL) Punjabi Literature 07/03/2019   891.4911 RAH CL-E-567 07/03/2019 07/03/2019 Book
© 2023 Central Library, National University of Sciences and Technology. All Rights Reserved.